Central Library OPAC University of Rajshahi

মুঘল ভারতের কৃষি ব্যবস্থা : (Record no. 71621)

MARC details
000 -LEADER
fixed length control field 00936nam a2200253 a 4500
001 - CONTROL NUMBER
control field 71621
003 - CONTROL NUMBER IDENTIFIER
rucl marc code BD-RjUL
005 - DATE AND TIME OF LATEST TRANSACTION
control field 20211209082133.0
008 - FIXED-LENGTH DATA ELEMENTS--GENERAL INFORMATION
fixed length control field 170506s1990 ii ||||| |||| 00| 0 eng d
020 ## - INTERNATIONAL STANDARD BOOK NUMBER
International Standard Book Number 817074072X
035 ## - SYSTEM CONTROL NUMBER
System control number (BD-RjUL)71837
040 ## - CATALOGING SOURCE
Original cataloging agency BD-RjUL
Language of cataloging eng
Transcribing agency BD-RjUL
Modifying agency BD-RjUL
041 ## - LANGUAGE CODE
Language code of text/sound track or separate title eng
082 ## - DEWEY DECIMAL CLASSIFICATION NUMBER
Edition number 23
Classification number 333.760954
Author mark and year HOM 1990
100 1# - MAIN ENTRY--PERSONAL NAME
Personal name হবিব, ইরফান
9 (RLIN) 211921
245 10 - TITLE STATEMENT
Title মুঘল ভারতের কৃষি ব্যবস্থা :
Remainder of title (1556-1707) /
Statement of responsibility, etc. ইরফান হবিব
260 ## - PUBLICATION, DISTRIBUTION, ETC. (IMPRINT)
Place of publication, distribution, etc. কলকাতা :
Name of publisher, distributor, etc. কে পি বাগচী,
Date of publication, distribution, etc. ১৯৯০.
300 ## - PHYSICAL DESCRIPTION
Pagination ৪৮৪ পৃ. ;
Size ২০ সেমি.
650 ## - SUBJECT ADDED ENTRY--TOPICAL TERM
Source of heading or term গ্রামীণ অবস্থা
Geographic subdivision ভারত
9 (RLIN) 211922
Topical term or geographic name as entry element Rural conditions
Geographic subdivision India
9 (RLIN) 211923
Topical term or geographic name as entry element কৃষি এবং রাষ্ট্র
9 (RLIN) 211924
Topical term or geographic name as entry element Agriculture and state
9 (RLIN) 211925
942 ## - ADDED ENTRY ELEMENTS (KOHA)
Source of classification or shelving scheme Dewey Decimal Classification
Koha item type Books
Holdings
Lost status Source of classification or shelving scheme Damaged status Not for loan Collection code Permanent Location Current Location Shelving location Date acquired Source of acquisition Cost, normal purchase price Total Checkouts Full call number Date last seen Copy number Koha item type
  Dewey Decimal Classification   Not For Loan Non-fiction Central Library, University of Rajshahi Central Library, University of Rajshahi Reading Room 23/06/1996 Dhaka, biddasagore 120.00   B 333.760954 HOM 1990 06/05/2017 C-1 Books